000 00476nam a22001577a 4500
020 _a0070625786
082 _a658.159 9 HAN
100 _aHandbook of international management
245 _aHandbook of international management
260 _aNew York
_bMcGrow-Hill
_c1985
300 _avii;,
_bill; 24 cm.
500 _ainclude index,
650 _ahand Book of International Financial Management
700 _aHand Book of International Financial Management
942 _cBK
999 _c17074
_d17074